Odpisování důlních děl.

Charakteristika banských diel ako priemyselných podnikov i ako základných prostriedkov. Zvláštnosti pri odpisovaní banských diel. Odpisovanie časovou a substančnou metódou. Odpisovanie súvisiacich základných prostriedkov.

Gespeichert in:
Bibliographische Detailangaben
1. Verfasser: Blatný, M.
Format: Buchkapitel
Sprache:Tschechisch
Schlagworte:
Tags: Tag hinzufügen
Keine Tags, Fügen Sie das erste Tag hinzu!

MARC

LEADER 00000naa a2200000 4500
001 r004797
005 20221125081447.7
041 0 |a cze 
044 |a [CS] 
245 1 0 |a Odpisování důlních děl.  |c M. Blatný 
520 |a Charakteristika banských diel ako priemyselných podnikov i ako základných prostriedkov. Zvláštnosti pri odpisovaní banských diel. Odpisovanie časovou a substančnou metódou. Odpisovanie súvisiacich základných prostriedkov. 
610 2 0 |a baníctvo 
610 2 0 |a podnik priemyselný 
610 2 0 |a prostriedky základné 
610 2 0 |a odpisy 
610 2 0 |a metodika 
100 1 |a Blatný, M.